000
00209nam a2200097Ia 4500
005
20251222114405.0
008
251222s1900||||xx |||||||||||||| ||spa||
082
_a
DVD0130/D89
245
0
_a
Maverick:
942
_c
DVD
999
_c
1785
_d
1785